000 00656nam a2200181Ia 4500
008 090711s9999 xx 000 0 und d
082 _b776
100 _aसंपत सी. के.
245 _aरंगतदार गोष्टी (निळा रंग)
260 _bनवनीत प्रकाशन
_c1997
300 _a32
600 _aसंपत सी. के.
630 _aरंगतदार गोष्टी (निळा रंग)
700 _aसंपत सी. के.
700 _aबागवे अशोक
730 _aरंगतदार गोष्टी (निळा रंग)
942 _cBOOK
999 _c324267
_d324267